000 00446cam a2200181ua 4500
020 _c1.75
041 _amal
_h
082 _a954.83
_bKUN/JA
100 _aKunjan Pillai, P N .
245 _aJanmisamprdayam Keralathil /
_cP N Kunjan Pillai.
_hTextual Documents
250 _a1 /
_b.
260 _aKottayam :
_bNational Book Stall ,
_c1966.
300 _a122 ; .
365 _a1.75
504 _a
942 _cBK
999 _c6612
_d6612